Moons by Description - Statistics

General Stats
  • This quiz has been taken 412 times
  • The average score is 9 of 15
Answer Stats
Planet Description Moon % Correct
Earth The 5th biggest moon in the solar system, has large dark "seas" surrounded by lighter gray. Moon
99%
Jupiter 4th largest moon in the solar system, has the most active volcanoes in the solar system Io
92%
Jupiter The largest moon, has a relatively large magnetic field, is bigger than Mercury Ganymede
83%
Jupiter Has a subsurface ocean which has more water than Earth, possibly the best chance to find life in the near future Europa
77%
Mars Largest moon of mars, is the closest moon to mars Phobos
77%
Saturn Has a thick atmosphere, Saturn's biggest moons, has liquid methane lakes and oceans Titan
73%
Mars Mars's smaller moon, the furthest of Mars's moons from it Deimos
68%
Neptune Is one of the only moons to orbit the wrong way around its planet, Neptune's biggest moon Triton
61%
Jupiter 3rd largest moon, is the most cratered object in the solar system, blackish surface peppered with white craters Callisto
60%
Uranus Uranus's largest moon, is made up of half ice and half rock Titania
40%
Saturn Is the most reflective object in the solar system, has a subsurface ocean, made of ice Enceladus
34%
Saturn Saturn's 2nd largest moon, may have rings Rhea
25%
Uranus Uranus's 4th largest moon, is one of the youngest moons in the solar system Ariel
22%
Saturn The smallest moon to be spherical, has a gigantic crater which makes it recognizable Mimas
22%
Saturn 11th largest moon, on side is brown and the other is white Iapetus
19%
No matching quizzes found
Score Distribution
Percent of People with Each Score
Percentile by Number Answered
Your Score History
You have not taken this quiz